Automatizované systémy řízení pro PGS

Salvato in:
Dettagli Bibliografici
Natura: Libro
Lingua:ceco
Pubblicazione: Praha Státní pedagogické nakladatelství 1976
Tags: Aggiungi Tag
Nessun Tag, puoi essere il primo ad aggiungerne!!

MARC

LEADER 00000nam a2200000 4500
001 c120454
005 20260323070550.2
041 0 |a cze 
044 |a CZ 
245 1 0 |a Automatizované systémy řízení pro PGS  |c Stanislav Adamec, Bohumil Mazel 
264 1 |a Praha  |b Státní pedagogické nakladatelství  |c 1976 
300 |a 218 s.